000 00592nam a2200229 a 4500
001 34793
003 AR-BaAGN
007 ta
008 220625s19uu ag |||||r|||| ||||||spa d
020 _a950-9807-61-3
040 _dAR-BaAGN
_aAR-BaAGN
_bspa
_eaacr
100 1 _aWilde, José Antonio
245 1 0 _aBuenos Aires desde 70 años atrás
260 _aBuenos Aires :
_bFondo Nacional de las Artes,
_c[19--?]
300 _a250 páginas
942 _cLIBRO
999 _c34793
_d34793
005 20230830145916.0
336 _2rdacontent
_btxt
337 _2rdamedia
_bn
338 _2rdacarrier
_bnc